000 00809nam a2200253 i 4500
003 DO-SdBNP
005 20231122070057.0
007 ta
008 110413s2023 dr 000 j spa d
020 _a9789945808568
040 _aDO-SdBNP
_bspa
_cBNPHU
_erda
082 _bR621
_222
100 1 _aRivera, Leonardo
_d1974-
_984658
245 1 0 _aMinisterio con propósito /
_cLeonardo Rivera
264 1 _aSalvaleón de Higüey, Ciudad de Dios, La Altagracia, República Dominicana :
_bBúho,
_c2023.
300 _a168 páginas
_c22 cm.
336 _2rdacontent
_atexto
_btxt
337 _2rdamedia
_asin mediación
_bn
338 _2rdacarrier
_avolumen
_bnc
500 _aIncluye datos biográficos del autor en las solapas.
590 _aInventariado, 2023/ YL
910 _aYLockward
942 _2ddc
_cLBS1
999 _c55551
_d55551